000 01178nam a22003017a 4500
005 20130924114508.0
010 _aENG-106416
020 _a9788132108993
_c1195.00
035 _aEN-89949
035 _aB-512622
037 _bDBAD/PUB
037 _bBSB/Ven
082 _a331.011
245 1 0 _aRight to work and rural India :
_cedited by Ashok K. Pankaj
_bworking of the Mahatma Gandhi National Rural Employment Guarantee Scheme (MGNREGS) /
260 _aNew Delhi
_bSAGE Publications
_c2012
270 _aB1/I-1 Mohan Cooperative Industrial Area Mathura Road
_bNew Delhi
_e110044
300 _axxi,383p.
_c24cm(Hb)
_bill.
500 _aIncludes bibliographical references and index.
610 _a India. |t National Rural Employment Guarantee Act, 2005.
650 _aManpower policy, Rural
_zIndia.
650 _aGuaranteed annual income
_zIndia.
650 _a Job security
_zIndia.
650 _a Right to labor
_zIndia.
650 _aRural poor
_xEmployment
_zIndia
700 _a Pankaj, Ashok,
_d1970-
_954236
942 _2ddc
_cEN
_h331.011
_mRIG
999 _c72073
_d72073